Statistics for They Shoot Pictures, Don't They? - films 861 to 880

Click here to take the quiz!

General Stats

  • This quiz has been taken 13 times
  • The average score is 7 of 20

Answer Stats

Answer% Correct
Starship Troopers
73%
The African Queen
73%
The Great Escape
73%
Clueless
64%
Blue Is the Warmest Colour
36%
Dreams
36%
Assault on Precinct 13
27%
Claire's Knee
27%
Heimat
27%
It's a Gift
27%
Margaret
27%
Zabriskie Point
27%
Angel
18%
The Miracle of Morgan's Creek
18%
The Night of Counting the Years
18%
The Phantom Carriage
18%
The Seasons
18%
The Woman Next Door
18%
Time of the Gypsies
18%
Toute une nuit
18%

Score Distribution

Percentile by Number Answered

Percent of People with Each Score

Your Score History

You have not taken this quiz